Empirical political analysis: research methods in political science (Record no. 66074)

MARC details
000 -LEADER
fixed length control field 00419nam a2200157Ia 4500
008 - FIXED-LENGTH DATA ELEMENTS--GENERAL INFORMATION
fixed length control field 230917s9999||||xx |||||||||||||| ||und||
040 ## - CATALOGING SOURCE
-- 63279
Original cataloging agency VIVEKANANDA LIBRARY
041 ## - Language
-- English
082 ## - DDC NUMBER
Classification number 320.072 A314E
100 ## - MAIN ENTRY--PERSONAL NAME
Personal name Manheim, Jarol B
245 #0 - TITLE STATEMENT
Title Empirical political analysis: research methods in political science
250 ## - EDITION STATEMENT
Edition statement 4th ed.
260 ## - PUBLICATION, DISTRIBUTION, ETC. (IMPRINT)
Place of publication, distribution, etc New York
Name of publisher, distributor, etc Longman
Date of publication, distribution, etc 1995
300 ## - PHYSICAL DESCRIPTION
Pages xiii, 465 p.
942 ## - ADDED ENTRY ELEMENTS (KOHA)
Koha item type Books
Holdings
Withdrawn status Lost status Damaged status Not for loan Location (home branch) Sublocation or collection (holding branch) Date acquired Koha issues (times borrowed) Koha full call number Accession No. Koha date last seen Koha item type
        VIVEKANANDA LIBRARY VIVEKANANDA LIBRARY 07/01/2003   320.072 A314E 138524 17/09/2023 Books
© Designed and Maintained by Vivekananda Library, MDU Rohtak